| LEADER | 09433nam a2200853 4500 | ||
|---|---|---|---|
| 082 | |a 807.1 |b NG550v | ||
| 100 | |a Nguyễn Khắc Phi, Nguyễn Hoành Khung, Nguyễn Minh Thuyết,.. | ||
| 245 | |a Ngữ văn 8: |b Sách giáo viên |c Nguyễn Khắc Phi, Nguyễn Hoành Khung, Nguyễn Minh Thuyết,.. |n Tập 2 | ||
| 250 | |a Tái bản lần thứ hai | ||
| 260 | |a H. |b Giáo dục |c 2006 | ||
| 300 | |a 208tr. |c 24cm | ||
| 520 | |a v.v... | ||
| 653 | |a Văn học | ||
| 653 | |a Ngữ văn | ||
| 653 | |a Lớp 8 | ||
| 653 | |a SGV | ||
| 942 | |2 ddc |c STK | ||
| 999 | |c 10633 |d 10633 | ||
| 952 | |0 0 |1 0 |2 ddc |4 0 |6 807_100000000000000_NG550V |7 0 |8 800 |9 90807 |a qbu |b qbu |c D5 |d 2015-08-20 |g 8000 |o 807.1 NG550v |p 9332.c1 |r 0000-00-00 |w 2015-08-20 |y STK | ||
| 952 | |0 0 |1 0 |2 ddc |4 0 |6 807_100000000000000_NG550V |7 0 |8 800 |9 90808 |a qbu |b qbu |c D5 |d 2015-08-20 |g 8000 |o 807.1 NG550v |p 9332.c2 |r 0000-00-00 |w 2015-08-20 |y STK | ||
| 952 | |0 0 |1 0 |2 ddc |4 0 |6 807_100000000000000_NG550V |7 0 |8 800 |9 90809 |a qbu |b qbu |c D5 |d 2015-08-20 |g 8000 |o 807.1 NG550v |p 9332.c3 |r 0000-00-00 |w 2015-08-20 |y STK | ||
| 952 | |0 0 |1 0 |2 ddc |4 0 |6 807_100000000000000_NG550V |7 0 |8 800 |9 90810 |a qbu |b qbu |c D5 |d 2015-08-20 |g 8000 |l 1 |m 1 |o 807.1 NG550v |p 9332.c4 |r 2019-10-11 |s 2019-09-30 |w 2015-08-20 |y STK | ||
| 952 | |0 0 |1 0 |2 ddc |4 0 |6 807_100000000000000_NG550V |7 0 |8 800 |9 90811 |a qbu |b qbu |c D5 |d 2015-08-20 |g 8000 |o 807.1 NG550v |p 9332.c5 |r 0000-00-00 |w 2015-08-20 |y STK | ||
| 952 | |0 0 |1 0 |2 ddc |4 0 |6 807_100000000000000_NG550V |7 0 |8 800 |9 90812 |a qbu |b qbu |c D5 |d 2015-08-20 |g 8000 |l 1 |o 807.1 NG550v |p 9332.c6 |r 2016-05-19 |s 2016-05-18 |w 2015-08-20 |y STK | ||
| 952 | |0 0 |1 0 |2 ddc |4 0 |6 807_100000000000000_NG550V |7 0 |8 800 |9 90813 |a qbu |b qbu |c D5 |d 2015-08-20 |g 8000 |o 807.1 NG550v |p 9332.c7 |r 0000-00-00 |w 2015-08-20 |y STK | ||
| 952 | |0 0 |1 0 |2 ddc |4 0 |6 807_100000000000000_NG550V |7 0 |8 800 |9 90814 |a qbu |b qbu |c D5 |d 2015-08-20 |g 8000 |o 807.1 NG550v |p 9332.c8 |r 0000-00-00 |w 2015-08-20 |y STK | ||
| 952 | |0 0 |1 0 |2 ddc |4 0 |6 807_100000000000000_NG550V |7 0 |8 800 |9 90815 |a qbu |b qbu |c D5 |d 2015-08-20 |g 8000 |o 807.1 NG550v |p 9332.c9 |r 0000-00-00 |w 2015-08-20 |y STK | ||
| 952 | |0 0 |1 0 |2 ddc |4 0 |6 807_100000000000000_NG550V |7 0 |8 800 |9 90816 |a qbu |b qbu |c D5 |d 2015-08-20 |g 8000 |o 807.1 NG550v |p 9332.c10 |r 0000-00-00 |w 2015-08-20 |y STK | ||
| 952 | |0 0 |1 0 |2 ddc |4 0 |6 807_100000000000000_NG550V |7 0 |8 800 |9 90817 |a qbu |b qbu |c D5 |d 2015-08-20 |g 8000 |o 807.1 NG550v |p 9332.c11 |r 0000-00-00 |w 2015-08-20 |y STK | ||
| 952 | |0 0 |1 0 |2 ddc |4 0 |6 807_100000000000000_NG550V |7 0 |8 800 |9 90818 |a qbu |b qbu |c D5 |d 2015-08-20 |g 8000 |o 807.1 NG550v |p 9332.c12 |r 0000-00-00 |w 2015-08-20 |y STK | ||
| 952 | |0 0 |1 0 |2 ddc |4 0 |6 807_100000000000000_NG550V |7 0 |8 800 |9 90819 |a qbu |b qbu |c D5 |d 2015-08-20 |g 8000 |o 807.1 NG550v |p 9332.c13 |r 0000-00-00 |w 2015-08-20 |y STK | ||
| 952 | |0 0 |1 0 |2 ddc |4 0 |6 807_100000000000000_NG550V |7 0 |8 800 |9 90820 |a qbu |b qbu |c D5 |d 2015-08-20 |g 8000 |o 807.1 NG550v |p 9332.c14 |r 0000-00-00 |w 2015-08-20 |y STK | ||
| 952 | |0 0 |1 0 |2 ddc |4 0 |6 807_100000000000000_NG550V |7 0 |8 800 |9 90821 |a qbu |b qbu |c D5 |d 2015-08-20 |g 8000 |o 807.1 NG550v |p 9332.c15 |r 0000-00-00 |w 2015-08-20 |y STK | ||
| 952 | |0 0 |1 0 |2 ddc |4 0 |6 807_100000000000000_NG550V |7 0 |8 800 |9 90822 |a qbu |b qbu |c D5 |d 2015-08-20 |g 8000 |o 807.1 NG550v |p 9332.c16 |r 0000-00-00 |w 2015-08-20 |y STK | ||
| 952 | |0 0 |1 0 |2 ddc |4 0 |6 807_100000000000000_NG550V |7 0 |8 800 |9 90823 |a qbu |b qbu |c D5 |d 2015-08-20 |g 8000 |o 807.1 NG550v |p 9332.c17 |r 0000-00-00 |w 2015-08-20 |y STK | ||
| 952 | |0 0 |1 0 |2 ddc |4 0 |6 807_100000000000000_NG550V |7 0 |8 800 |9 90824 |a qbu |b qbu |c D5 |d 2015-08-20 |g 8000 |l 1 |o 807.1 NG550v |p 9332.c18 |r 2016-05-20 |s 2016-05-18 |w 2015-08-20 |y STK | ||
| 952 | |0 0 |1 0 |2 ddc |4 0 |6 807_100000000000000_NG550V |7 0 |8 800 |9 90825 |a qbu |b qbu |c D5 |d 2015-08-20 |g 8000 |l 1 |o 807.1 NG550v |p 9332.c19 |r 2019-12-04 |s 2019-11-05 |w 2015-08-20 |y STK | ||
| 952 | |0 0 |1 0 |2 ddc |4 0 |6 807_100000000000000_NG550V |7 0 |8 800 |9 90826 |a qbu |b qbu |c D5 |d 2015-08-20 |g 8000 |o 807.1 NG550v |p 9332.c20 |r 0000-00-00 |w 2015-08-20 |y STK | ||
| 952 | |0 0 |1 0 |2 ddc |4 0 |6 807_100000000000000_NG550V |7 0 |8 800 |9 90827 |a qbu |b qbu |c D5 |d 2015-08-20 |g 8000 |o 807.1 NG550v |p 9332.c21 |r 0000-00-00 |w 2015-08-20 |y STK | ||
| 952 | |0 0 |1 0 |2 ddc |4 0 |6 807_100000000000000_NG550V |7 0 |8 800 |9 90828 |a qbu |b qbu |c D5 |d 2015-08-20 |g 8000 |l 2 |o 807.1 NG550v |p 9332.c22 |r 2016-05-18 |s 2016-05-18 |w 2015-08-20 |y STK | ||
| 952 | |0 0 |1 0 |2 ddc |4 0 |6 807_100000000000000_NG550V |7 0 |8 800 |9 90829 |a qbu |b qbu |c D5 |d 2015-08-20 |g 8000 |o 807.1 NG550v |p 9332.c23 |r 0000-00-00 |w 2015-08-20 |y STK | ||
| 952 | |0 0 |1 0 |2 ddc |4 0 |6 807_100000000000000_NG550V |7 0 |8 800 |9 90830 |a qbu |b qbu |c D5 |d 2015-08-20 |g 8000 |o 807.1 NG550v |p 9332.c24 |r 0000-00-00 |w 2015-08-20 |y STK | ||
| 952 | |0 0 |1 0 |2 ddc |4 0 |6 807_100000000000000_NG550V |7 0 |8 800 |9 90831 |a qbu |b qbu |c D5 |d 2015-08-20 |g 8000 |o 807.1 NG550v |p 9332.c25 |r 0000-00-00 |w 2015-08-20 |y STK | ||
| 952 | |0 0 |1 0 |2 ddc |4 0 |6 807_100000000000000_NG550V |7 0 |8 800 |9 90832 |a qbu |b qbu |c D5 |d 2015-08-20 |g 8000 |o 807.1 NG550v |p 9332.c26 |r 0000-00-00 |w 2015-08-20 |y STK | ||
| 952 | |0 0 |1 0 |2 ddc |4 0 |6 807_100000000000000_NG550V |7 0 |8 800 |9 90833 |a qbu |b qbu |c D5 |d 2015-08-20 |g 8000 |o 807.1 NG550v |p 9332.c27 |r 0000-00-00 |w 2015-08-20 |y STK | ||
| 952 | |0 0 |1 0 |2 ddc |4 0 |6 807_100000000000000_NG550V |7 0 |8 800 |9 90834 |a qbu |b qbu |c D5 |d 2015-08-20 |g 8000 |o 807.1 NG550v |p 9332.c28 |r 0000-00-00 |w 2015-08-20 |y STK | ||
| 952 | |0 0 |1 0 |2 ddc |4 0 |6 807_100000000000000_NG550V |7 0 |8 800 |9 90835 |a qbu |b qbu |c D5 |d 2015-08-20 |g 8000 |o 807.1 NG550v |p 9332.c29 |r 0000-00-00 |w 2015-08-20 |y STK | ||
| 952 | |0 0 |1 0 |2 ddc |4 0 |6 807_100000000000000_NG550V |7 0 |8 800 |9 90836 |a qbu |b qbu |c D5 |d 2015-08-20 |g 8000 |o 807.1 NG550v |p 9332.c30 |r 0000-00-00 |w 2015-08-20 |y STK | ||
| 952 | |0 0 |1 0 |2 ddc |4 0 |6 807_100000000000000_NG550V |7 0 |8 800 |9 90837 |a qbu |b qbu |c D5 |d 2015-08-20 |g 8000 |o 807.1 NG550v |p 9332.c31 |r 0000-00-00 |w 2015-08-20 |y STK | ||
| 952 | |0 0 |1 0 |2 ddc |4 0 |6 807_100000000000000_NG550V |7 0 |8 800 |9 90838 |a qbu |b qbu |c D5 |d 2015-08-20 |g 8000 |o 807.1 NG550v |p 9332.c32 |r 0000-00-00 |w 2015-08-20 |y STK | ||
| 952 | |0 0 |1 0 |2 ddc |4 0 |6 807_100000000000000_NG550V |7 0 |8 800 |9 90839 |a qbu |b qbu |c D5 |d 2015-08-20 |g 8000 |o 807.1 NG550v |p 9332.c33 |r 0000-00-00 |w 2015-08-20 |y STK | ||
| 952 | |0 0 |1 0 |2 ddc |4 0 |6 807_100000000000000_NG550V |7 0 |8 800 |9 90840 |a qbu |b qbu |c D5 |d 2015-08-20 |g 8000 |o 807.1 NG550v |p 9332.c34 |r 0000-00-00 |w 2015-08-20 |y STK | ||
| 952 | |0 0 |1 0 |2 ddc |4 0 |6 807_100000000000000_NG550V |7 0 |8 800 |9 90841 |a qbu |b qbu |c D5 |d 2015-08-20 |g 8000 |o 807.1 NG550v |p 9332.c35 |r 0000-00-00 |w 2015-08-20 |y STK | ||
| 952 | |0 0 |1 0 |2 ddc |4 0 |6 807_100000000000000_NG550V |7 0 |8 800 |9 90842 |a qbu |b qbu |c D5 |d 2015-08-20 |g 8000 |o 807.1 NG550v |p 9332.c36 |r 0000-00-00 |w 2015-08-20 |y STK | ||
| 952 | |0 0 |1 0 |2 ddc |4 0 |6 807_100000000000000_NG550V |7 0 |8 800 |9 90843 |a qbu |b qbu |c D5 |d 2015-08-20 |g 8000 |o 807.1 NG550v |p 9332.c37 |r 0000-00-00 |w 2015-08-20 |y STK | ||
| 952 | |0 0 |1 0 |2 ddc |4 0 |6 807_100000000000000_NG550V |7 0 |8 800 |9 90844 |a qbu |b qbu |c D5 |d 2015-08-20 |g 8000 |o 807.1 NG550v |p 9332.c38 |r 0000-00-00 |w 2015-08-20 |y STK | ||
| 952 | |0 0 |1 0 |2 ddc |4 0 |6 807_100000000000000_NG550V |7 0 |8 800 |9 90845 |a qbu |b qbu |c D5 |d 2015-08-20 |g 8000 |o 807.1 NG550v |p 9332.c39 |r 0000-00-00 |w 2015-08-20 |y STK | ||
| 952 | |0 0 |1 0 |2 ddc |4 0 |6 807_100000000000000_NG550V |7 0 |8 800 |9 90846 |a qbu |b qbu |c D5 |d 2015-08-20 |g 8000 |o 807.1 NG550v |p 9332.c40 |r 0000-00-00 |w 2015-08-20 |y STK | ||
| 952 | |0 0 |1 0 |2 ddc |4 0 |6 807_100000000000000_NG550V |7 0 |8 800 |9 90847 |a qbu |b qbu |c D5 |d 2015-08-20 |g 8000 |o 807.1 NG550v |p 9332.c41 |r 0000-00-00 |w 2015-08-20 |y STK | ||
| 952 | |0 0 |1 0 |2 ddc |4 0 |6 807_100000000000000_NG550V |7 0 |8 800 |9 90848 |a qbu |b qbu |c D5 |d 2015-08-20 |g 8000 |o 807.1 NG550v |p 9332.c42 |r 0000-00-00 |w 2015-08-20 |y STK | ||
| 952 | |0 0 |1 0 |2 ddc |4 0 |6 807_100000000000000_NG550V |7 0 |8 800 |9 90849 |a qbu |b qbu |c D5 |d 2015-08-20 |g 8000 |o 807.1 NG550v |p 9332.c43 |r 0000-00-00 |w 2015-08-20 |y STK | ||
| 952 | |0 0 |1 0 |2 ddc |4 0 |6 807_100000000000000_NG550V |7 0 |8 800 |9 90850 |a qbu |b qbu |c D5 |d 2015-08-20 |g 8000 |o 807.1 NG550v |p 9332.c44 |r 0000-00-00 |w 2015-08-20 |y STK | ||
| 952 | |0 0 |1 0 |2 ddc |4 0 |6 807_100000000000000_NG550V |7 0 |8 800 |9 90851 |a qbu |b qbu |c D5 |d 2015-08-20 |g 8000 |o 807.1 NG550v |p 9332.c45 |r 0000-00-00 |w 2015-08-20 |y STK | ||
| 952 | |0 0 |1 0 |2 ddc |4 0 |6 807_100000000000000_NG550V |7 0 |8 800 |9 90852 |a qbu |b qbu |c D5 |d 2015-08-20 |g 8000 |o 807.1 NG550v |p 9332.c46 |r 0000-00-00 |w 2015-08-20 |y STK | ||
| 952 | |0 0 |1 0 |2 ddc |4 0 |6 807_100000000000000_NG550V |7 0 |8 800 |9 90853 |a qbu |b qbu |c D5 |d 2015-08-20 |g 8000 |o 807.1 NG550v |p 9332.c47 |r 0000-00-00 |w 2015-08-20 |y STK | ||
| 952 | |0 0 |1 0 |2 ddc |4 0 |6 807_100000000000000_NG550V |7 0 |8 800 |9 90854 |a qbu |b qbu |c D5 |d 2015-08-20 |g 8000 |o 807.1 NG550v |p 9332.c48 |r 0000-00-00 |w 2015-08-20 |y STK | ||
| 952 | |0 0 |1 0 |2 ddc |4 0 |6 807_100000000000000_NG550V |7 0 |8 800 |9 90855 |a qbu |b qbu |c D5 |d 2015-08-20 |g 8000 |l 1 |o 807.1 NG550v |p 9332.c49 |r 2016-02-22 |s 2016-02-17 |w 2015-08-20 |y STK | ||
| 952 | |0 0 |1 0 |2 ddc |4 0 |6 807_100000000000000_NG550V |7 0 |8 800 |9 90856 |a qbu |b qbu |c D5 |d 2015-08-20 |g 8000 |o 807.1 NG550v |p 9332.c50 |r 0000-00-00 |w 2015-08-20 |y STK | ||
| 952 | |0 0 |1 0 |2 ddc |4 0 |6 807_100000000000000_NG550V |7 0 |8 800 |9 90857 |a qbu |b qbu |c D5 |d 2015-08-20 |g 8000 |o 807.1 NG550v |p 9332.c51 |r 0000-00-00 |w 2015-08-20 |y STK | ||
| 952 | |0 0 |1 0 |2 ddc |4 0 |6 807_100000000000000_NG550V |7 0 |8 800 |9 90858 |a qbu |b qbu |c D5 |d 2015-08-20 |g 8000 |o 807.1 NG550v |p 9332.c52 |r 0000-00-00 |w 2015-08-20 |y STK | ||
| 952 | |0 0 |1 0 |2 ddc |4 0 |6 807_100000000000000_NG550V |7 0 |8 800 |9 90859 |a qbu |b qbu |c D5 |d 2015-08-20 |g 8000 |o 807.1 NG550v |p 9332.c53 |r 0000-00-00 |w 2015-08-20 |y STK | ||
| 952 | |0 0 |1 0 |2 ddc |4 0 |6 807_100000000000000_NG550V |7 0 |8 800 |9 90860 |a qbu |b qbu |c D5 |d 2015-08-20 |g 8000 |o 807.1 NG550v |p 9332.c54 |r 0000-00-00 |w 2015-08-20 |y STK | ||
| 952 | |0 0 |1 0 |2 ddc |4 0 |6 807_100000000000000_NG550V |7 0 |8 800 |9 90861 |a qbu |b qbu |c D5 |d 2015-08-20 |g 8000 |o 807.1 NG550v |p 9332.c55 |r 0000-00-00 |w 2015-08-20 |y STK | ||
| 952 | |0 0 |1 0 |2 ddc |4 0 |6 807_100000000000000_NG550V |7 0 |8 800 |9 90862 |a qbu |b qbu |c D5 |d 2015-08-20 |g 8000 |o 807.1 NG550v |p 9332.c56 |r 0000-00-00 |w 2015-08-20 |y STK | ||